Tous les Boss Des Jeux Zelda - Statistiques

Statistiques générales
  • Ce quiz a été pris 87 fois
  • Le résultat moyen est 10 sur 94
Statistiques - réponses
Première Apparition Boss % Correct
Ocarina Of Time Ganondorf
91%
The Legend Of Zelda Gohma
56%
Skyward Sword Ghirahim
38%
Skyward Sword Avatar Du Néant
30%
Breath Of The Wild Ombre d'eau de Ganon
30%
Breath Of The Wild Ombre de Feu de Ganon
30%
Breath Of The Wild Ombre de Foudre de Ganon
30%
Breath Of The Wild Ombre de Vent de Ganon
28%
The Adventure Of Link Volcania
28%
Ocarina Of Time Bongo Bongo
27%
Four Swords Vaati
27%
Ocarina Of Time Ganon Spéctral
25%
Twilight Princess Xanto
25%
Ocarina Of Time Barinade
22%
Oracle Of Seasons Twinrova
20%
Phantom Hourglass Bellum
19%
Skyward Sword Bela Darma
17%
Ocarina Of Time King Dodongo
17%
A Link To The Past Agahnim
16%
The Wind Waker Gayla
16%
The Wind Waker Gyorg
16%
Skyward Sword Le Banni
16%
Majora's Mask Masque De Majora
16%
Phantom Hourglass Griock
14%
Ocarina Of Time Morpha
14%
Majora's Mask Skorn
13%
Skyward Sword Da Ihloma
11%
The Wind Waker Jay Harla
11%
The Wind Waker Karle Demos
11%
Spirit Tracks Mallard
11%
Majora's Mask Odolwa
11%
Majora's Mask Rhork
11%
A Link To The Past Roi Cuirassé
11%
The Wind Waker Roi Cuirasse
11%
Twilight Princess Blizzarnia
9%
Skyward Sword Daidagos
9%
The Wind Waker Gordon
9%
Twilight Princess Humbaba
9%
Twilight Princess Magmaudit
9%
Skyward Sword Moldgath
9%
Twilight Princess Dionéa
8%
Twilight Princess Zelda Possédée
8%
Phantom Hourglass Braziard
6%
Phantom Hourglass Crustère
6%
Spirit Tracks Cryobraz
6%
Links Awakening Maleficio
6%
Twilight Princess Octolacanthe
6%
Twilight Princess Pyrodactilus
6%
The Wind Waker Alter Ganon
5%
The Legend Of Zelda Aquamentus
5%
Four Swords Adventures Arrghus
5%
The Minish Cap Blob Géant
5%
The Legend Of Zelda Digdogger
5%
The Legend Of Zelda Gleeok
5%
The Adventure Of Link Gooma
5%
The Legend Of Zelda Helmethead
5%
The Legend Of Zelda Horsehead
5%
Spirit Tracks Kimado
5%
Ocarina Of Time Kotake
5%
The Legend Of Zelda Moldorm
5%
The Legend Of Zelda : Minish Cap Ohisse
5%
Phantom Hourglass Poulpatine
5%
Phantom Hourglass Stégoronsaure
5%
Zelda II : The Adventure Of Link Barba
3%
Tears Of The Kingdom Dragon Noir
3%
The Wind Waker Fantôme De Ganon
3%
Links Awakening Génie
3%
Ocarina Of Time Koume & Kotake
3%
The Legend Of Zelda Manhandla
3%
Spirit Tracks Rubidaïa
3%
The Adventure Of Link Thunderbird
3%
Spirit Tracks Traucmahr
3%
Oracle Of Ages Veran
3%
A Link To The Past Arrghi
2%
A Link To The Past Aveugle Le Bandit
2%
The Adventure Of Link Carock
2%
Links Awakening Façade
2%
Thé Minish Cap Gleerok
2%
A Link To The Past Glob'Oeil
2%
Links Awakening Jellyfish
2%
A Link To The Past Kholdstare
2%
Tri Force Heroes Lady Satyne
2%
The Legend Of Zelda Lanmola
2%
Spirit Tracks Nestydas
2%
The Minish Cap Octorok Géant
2%
Oracle Of Seasons Onox
2%
Skyward Sword Paraparas
2%
Spirit Tracks Train Démon
2%
A Link To The Past Trinexx
2%
Spirit Tracks Lithonyos
0%
A Link To The Past Mite
0%
The Legend Of Zelda Patra
0%
The Adventure Of Link Rebonack
0%
Twilight Princess Roi Bulblin
0%
Aucun quiz correspondant
Distribution des résultats
% des personnes avec chaque résultat
Percentile par nombre de réponses
Votre historique - résultats
Vous n’avez pas pris ce quiz